00488 a2200145 4500001001000000005001700010008004100027245010100068100002300169700002200192700002900214700002600243773005600269999001700325ART_4657820260410161827.0260409a 10aEstrategias productivas y resultados económicos en la horticultura marplatense entre 1993-20121 aRoveretti, Mariano1 aAtucha, Ana Julia1 aLacaze, María Victoria1 aFulponi, Juan Ignacio0 tFACESg- Año 22, Nº 46 (ene./jun. 2016)wREV5046 c22879d22879